À demi-mots (notice n° 1605073)

détails MARC
000 -LEADER
fixed length control field 01781cam a2200181 4500500
005 - DATE AND TIME OF LATEST TRANSACTION
control field 20251228094926.0
041 ## - LANGUAGE CODE
Language code of text/sound track or separate title fre
042 ## - AUTHENTICATION CODE
Authentication code dc
100 10 - MAIN ENTRY--PERSONAL NAME
Personal name Sesé, Bernard
Relator term author
245 00 - TITLE STATEMENT
Title À demi-mots
260 ## - PUBLICATION, DISTRIBUTION, ETC.
Date of publication, distribution, etc. 2010.<br/>
500 ## - GENERAL NOTE
General note 37
520 ## - SUMMARY, ETC.
Summary, etc. L’écriture réticente de Maria Ondina Braga semble réclamer, tout en le faisant reculer indéfiniment, le déchiffrement d’une présence énigmatique qui enrobe le discours. Devenant, à l’instar de l’opium, source d’addiction, le thé instaure un langage secret dans cet univers suspendu : en exacerbant leur éloquence silencieuse, cette boisson permet aux participants du rituel de franchir, tout en les respectant, les barrières du non-dit.
520 ## - SUMMARY, ETC.
Summary, etc. Maria Ondina Braga’s reticent style of writing seems both to call on the reader to decode a mysterious presence surrounding her discourse, and to postpone this decoding endlessly. In a world set apart from everything else, tea, like opium, has become addictive. Exacerbating their silent eloquence, the beverage allows partakers of the ritual to cross the limits of what remains unsaid, while observing them nevertheless.
520 ## - SUMMARY, ETC.
Summary, etc. A escrita reticente de Maria Ondina Braga parece simultaneamente reivindicar e diferir a decifração de uma presença enigmática que envolve o discurso. Tornando-se viciante como o próprio ópio, o chá inaugura uma linguagem secreta no seio deste universo suspenso. Com efeito, ao exacerbar a sua silenciosa eloquência, esta bebida permite aos participantes deste singular ritual transpor, respeitando-as, as fronteiras do não-dito.
786 0# - DATA SOURCE ENTRY
Note Sigila | 26 | 2 | 2010-10-01 | p. 145-145 | 1286-1715
856 41 - ELECTRONIC LOCATION AND ACCESS
Uniform Resource Identifier <a href="https://shs.cairn.info/revue-sigila-2010-2-page-145?lang=fr&redirect-ssocas=7080">https://shs.cairn.info/revue-sigila-2010-2-page-145?lang=fr&redirect-ssocas=7080</a>

Pas d'exemplaire disponible.

PLUDOC

PLUDOC est la plateforme unique et centralisée de gestion des bibliothèques physiques et numériques de Guinée administré par le CEDUST. Elle est la plus grande base de données de ressources documentaires pour les Étudiants, Enseignants chercheurs et Chercheurs de Guinée.

Adresse

627 919 101/664 919 101

25 boulevard du commerce
Kaloum, Conakry, Guinée

Réseaux sociaux

Powered by Netsen Group @ 2025